=LDR 00000nam 2200000 4500 =001 INLIS000000000036477 =005 20130612142248 =008 ***********************************Ind** =035 ##$$a0010-061300000036477 =041 ##$$a Ind =082 ##$$a 510.76 =090 ##$$a 510.76, Mau j =100 ##$$a Maulana, S. Farid =245 ##$$a Juara olimpiade matematika SMA nasional dan internasional, Farid Maulana S ; penyunting, Anis Maulana =260 ##$$a 2010 $b Jakarta =300 ##$$a v, 152 hlm, ilus, 26 cm =650 ##$$a Matematika-soal dan pembahasan =850 ##$$a NBPNMAT =990 ##$$a 21196264/BPAP-NTB/2014 =990 ##$$a 21197178/BPAP-NTB/2014